000 00432nam a2200205Ia 4500
001 14514
003 GE_BSU
008 181216s||||||||xx |||||||||||||| ||und||
020 _a0706432460
040 _cGE_BSU
080 _a641
100 _aMacMillan,Norma
245 _aCasseroles
260 _aLondon
260 _bOctopus Books Limited
260 _c1988
300 _a93p.ill.22cm.
653 _aCasseroles
942 _cBK
999 _c47645
_d47645